| 000 | 00797cam a22002533a 4500 | ||
|---|---|---|---|
| 001 | 19947 | ||
| 003 | PGUSA | ||
| 005 | 20140828083425.0 | ||
| 008 | 061128s2006||||xxu|||||s|||||000 | eng d | ||
| 040 |
_aPGUSA _beng |
||
| 042 | _adc | ||
| 050 | 4 | _aDS | |
| 100 | 1 |
_aBarbosa, Vicente, _d1663-1721 |
|
| 245 | 1 | 0 |
_aCompendio da relaçam, que veyo da India o anno de 1691 _h[electronic resource] / _cVicente Barbosa |
| 260 |
_bProject Gutenberg, _c2006 |
||
| 506 | _aPublic domain in the USA. | ||
| 516 | _aElectronic text | ||
| 653 | _aTheatines -- Missions -- Borneo -- Early works to 1800 | ||
| 653 | _aVentimiglia, Antonio, 1642-1693 | ||
| 653 | _aBorneo -- History -- 17th century | ||
| 830 | 0 |
_aProject Gutenberg _v19947 |
|
| 856 | 4 | 0 | _uhttp://www.gutenberg.org/ebooks/19947 |
| 942 | _cEB | ||
| 999 |
_c249202 _d249202 |
||